|
|
|
|
| LEADER |
01013nam a2200253 4500 |
| 001 |
c000172113 |
| 003 |
CARM |
| 005 |
20010828210509.0 |
| 008 |
750327s1940 nyu 001 0 eng u |
| 010 |
|
|
|a 41004217
|
| 019 |
1 |
|
|a 22934204
|5 LACONCORD2021
|
| 035 |
|
|
|a (OCoLC)1241388
|5 LACONCORD2021
|
| 040 |
|
|
|a VU
|b eng
|c SNN
|d m.c.
|d SYB
|d VU
|
| 100 |
1 |
|
|a Birkhoff, Garrett,
|d 1911-
|
| 245 |
0 |
0 |
|a Lattice theory /
|c by Garrett Birkhoff.
|
| 260 |
|
|
|a New York :
|b American Mathematical Society,
|c 1940.
|
| 300 |
|
|
|a v, 155 p. :
|b diagrs. ;
|c 26 cm.
|
| 490 |
1 |
|
|a American Mathematical Society. Colloquium publications, ;
|v v. 25.
|
| 504 |
|
|
|a Bibliography: p. [148]-149.
|
| 650 |
|
0 |
|a Algebra, Abstract.
|
| 830 |
|
0 |
|a Colloquium publications (American Mathematical Society) ;
|v v. 25.
|
| 852 |
8 |
|
|b CARM
|h A2:AL32E0
|i C05201
|p 0207332
|f BK
|
| 999 |
f |
f |
|i 7c395de9-9caf-567d-bf99-04b2114af268
|s a38fc7e2-295a-5aa6-8204-b14cb3d943ad
|
| 952 |
f |
f |
|p Can circulate
|a CAVAL
|b CAVAL
|c CAVAL
|d CARM 1 Store
|e C05201
|f A2:AL32E0
|h Other scheme
|i book
|m 0207332
|